|
|
|
|
| LEADER |
00000cam a2200000 7i4500 |
| 001 |
0000078721 |
| 005 |
20130407093000.0 |
| 008 |
120625s2012 inu eng |
| 020 |
|
|
|a 0672334402 (paperback : alk. paper)
|
| 020 |
|
|
|a 9780672334405 (paperback : alk. paper)
|
| 050 |
0 |
0 |
|a QA76.76.H94
|b K97 2012
|
| 090 |
0 |
0 |
|a QA76.76.H94
|b K97 2012
|
| 100 |
1 |
|
|a Kyrnin, Jennifer ,
|e author
|
| 245 |
1 |
0 |
|a Sams teach yourself HTML5 mobile application development in 24 hours
|c Jennifer Kyrnin
|
| 246 |
3 |
0 |
|a HTML5 mobile application development in 24 hours
|
| 246 |
3 |
0 |
|a Teach yourself HTML5 mobile application development in 24 hours
|
| 260 |
|
|
|a Indianapolis, Indiana :
|b Sams ,
|c c2012
|
| 300 |
|
|
|a xix, 470 p. :
|b ill. ;
|c 24 cm.
|
| 504 |
|
|
|a Includes bibliographical references (p. [447]-448) and index
|
| 505 |
0 |
|
|a 1. Building web pages and applications with the open web standard -- 2. Learning the HTML5 essentials -- 3. HTML5 for mobil and web applications
|
| 650 |
|
0 |
|a Application software
|x Development
|
| 650 |
|
0 |
|a HTML (Document markup language)
|
| 650 |
|
0 |
|a Mobile computing
|x Programming
|
| 999 |
|
|
|a 1000152638
|b Book
|c OPEN SHELF (30 DAYS)
|e Gong Badak Campus
|